Spinning the semantic web: bringing the World Wide Web to its full potential
Gardado en:
| Main Authors: | , , , |
|---|---|
| Formato: | Libro |
| Idioma: | inglés |
| Publicado: |
Cambridge
MIT
2003
|
| Subjects: | |
| Tags: |
Engadir etiqueta
Sen Etiquetas, Sexa o primeiro en etiquetar este rexistro!
|
MARC
| LEADER | 00000nam a2200000 a 4500 | ||
|---|---|---|---|
| 001 | UCL3590 | ||
| 003 | CL-VaPUC | ||
| 008 | 031128e20030000US |||||||||||||||||eng|d | ||
| 020 | |a 0262062321 | ||
| 082 | 0 | 4 | |a 004.6 |b FEN |2 21 |
| 100 | 0 | |a Fensel, Dieter |e author |9 480931 | |
| 700 | 0 | |a Hendler, James |e author |9 480932 | |
| 700 | 0 | |a Lieberman, Henry |e author |9 480933 | |
| 700 | 0 | |a Wahlster, Wolfgang |e author |9 480934 | |
| 245 | 1 | 0 | |a Spinning the semantic web: bringing the World Wide Web to its full potential |
| 300 | |a 479 p | ||
| 942 | |c BK | ||
| 945 | |d 20031128 00:00:00 |a cmena | ||
| 260 | |a Cambridge |b MIT |c 2003 | ||
| 650 | 0 | |a Internet |9 254823 | |
| 650 | 0 | |a Páginas web |9 386845 | |
| 650 | 0 | |a Semántica |9 265318 | |
| 650 | 0 | |a Investigación lingüística |9 329785 | |
| 650 | 0 | |a Lenguajes de programación |9 259458 | |
| 583 | |a last modification |c 20031128 00:00:00 |k Rodrigo Vera | ||
| 999 | |c 306610 |d 306608 | ||
| 952 | |0 0 |1 0 |4 0 |6 004_600000000000000_FEN_2003 |7 0 |8 A |9 371755 |a FDOPOS |b FDOPOS |d 2019-11-21 |i 3970035 |o 004.6 FEN 2003 |p 3970035 |r 2025-01-22 |w 2019-11-21 |y BK |k MLA | ||